| 000 | 00469nam a2200169Ia 4500 | ||
|---|---|---|---|
| 008 | 230917s9999||||xx |||||||||||||| ||und|| | ||
| 020 | _cRS1399 | ||
| 040 |
_e247980 _aMAIN |
||
| 041 | _aEnglish | ||
| 082 | _a621.31 B38H | ||
| 100 | _aBeaty, H Wayne | ||
| 245 | 0 | _aHandbook electric power calculations | |
| 260 |
_aChennai _bMcGraw Hill Education(India) _c2015 |
||
| 300 | _axiii, 738 p. | ||
| 500 | _a3149 04/06/2018 HBD18/7443 27/06/2018 UIET (SFS) | ||
| 942 | _cBK | ||
| 999 |
_c27030 _d27030 |
||